Musicals Songs by Lyrics II Quiz Stats

 Plays Quiz Updated Mar 3, 2012

Challenge
Share
Tweet
Embed
Score 0/20 Timer 07:00
2 Plays Today
Lyrics Song % Correct
Raindrops on roses and whiskers on kittens, bright copper kettles and warm woolen mittens...My Favorite Things
88.6%
The minute you walked in the joint, I could see you were a man of distinction...Big Spender
53.2%
Start the car I know a whoopee spot, where the gin is cold but the piano's hot. It's just a noisy hall, where there's a nightly brawl...All That Jazz
52.4%
There's a bright, golden haze on the meadow...Oh What a Beautiful Morning
46.1%
There were bells on the hill but I never heard them ringing, no I never heard them at all...Till There Was You
46.1%
Don't tell me not to fly, I simply got to, if someone takes a spill it's me and not you...Don't Rain on My Parade
43.2%
Is this the little girl I carried, is this the little boy at play...Sunrise Sunset
41.5%
Hold my hand and we're halfway there, hold my hand and I'll take you there...Somewhere
40.6%
Isn't it rich? Are we a pair? Me here at last on the ground, you in mid-air...Send in the Clowns
38.9%
To bear with unbearable sorrow, to run where the brave dare not go...Impossible Dream
36.2%
Lyrics Song % Correct
When you walk through a storm, hold your head up high and don't be afraid of the dark...You'll Never Walk Alone
33.3%
God on high, hear my prayer, in my need you have always been there...Bring Him Home
30.4%
In the lamplight the withered leaves collect at my feet and the wind begins to moan...Memory
29.1%
It won't be easy, you'll think it strange, when I try to explain how I feel...Don't Cry For Me Argentina
29%
Does it fall from skies above? Is it underneath the willow tree that I've been dreaming of...Where is Love
23.9%
What a day this has been what a rare mood I'm in...Almost Like Being in Love
21%
When the last little star has left the sky shall we still be together with our arms around each other and shall you be my new romance?Shall We Dance
20.1%
Here we are together in the middle of the night, don't talk of spring, just hold me tight! Anyone who's ever been in love'll tell you that this is no time for a chat...Show Me
12.6%
I'm as restless as a willow in a windstorm, I'm as jumpy as a puppet on a string...It Might as Well Be Spring
8.3%
Dawns promising skies, petals on a pool, drifting, imagine these in one pair of eyes...And This Is My Beloved
3.8%

You're not logged in!

Compare scores with friends on all Sporcle quizzes.
Join for Free
OR
Log In

You Might Also Like...

Show Comments

Extras

Top Quizzes Today


Score Distribution

Your Account Isn't Verified!

In order to create a playlist on Sporcle, you need to verify the email address you used during registration. Go to your Sporcle Settings to finish the process.

Report this User

Report this user for behavior that violates our Community Guidelines.

Details: